Schnelles Mathe-Quiz, nur ein kurzes - x 2 - Quiz 16 - Statistiken

Allgemein
  • Dieses Quiz wurde 57 mal gespielt
  • Das Durchschnittsergebnis liegt bei 18 aus 20
Antwortstatistiken
X 2 Antwort % Korrekt
57 114
100%
43 86
100%
96 192
98%
133 266
96%
15 30
96%
83 166
94%
89 178
94%
90 180
94%
12 24
94%
134 268
94%
157 314
94%
17 34
94%
201 402
94%
325 650
94%
167 334
92%
189 378
92%
289 578
92%
177 354
89%
266 532
89%
389 778
51%
Keine übereinstimmenden Quizze gefunden
Verteilung der Resultate
Anzahl Personen mit jedem Resultat
Perzentil nach korrekt beantworteten Fragen
Ihre Resultats-Entwicklung
Sie haben dieses Quiz noch nicht gespielt